NRJ Music Awards 2010 - Les gagnants - Statistiques

Statistiques générales
  • Ce quiz a été pris 4 fois
  • Le résultat moyen est 2 sur 14
Statistiques - réponses
Hint Réponse % Correct
Groupe/duo francophone Mozart l'opéra rock
50%
Artiste féminine internationale Rihanna
50%
Artiste masculin francophone Christophe Willem
25%
Révélation francophone Florent Mothe
25%
Chanson francophone L'assassymphonie (Mozart L'Opéra Rock)
25%
Groupe/duo international Tokio Hotel
25%
Awards d'honneur (Féminim) Beyoncé
0%
Album francophone Caféine (Christophe Willem)
0%
Chanson internationale I Gotta Feeling (Black Eyed Peas)
0%
Révélation internationale Lady Gaga
0%
Album international One Love (David Guetta)
0%
Artiste masculin international Robbie Williams
0%
Awards d'honneur (Masculin) Robbie Williams
0%
Artiste féminine francophone Sofia Essaïdi
0%
Aucun quiz correspondant
Distribution des résultats
% des personnes avec chaque résultat
Percentile par nombre de réponses
Votre historique - résultats
Vous n’avez pas pris ce quiz